|
|
|
|
| LEADER |
00000nam0a2200000 4500 |
| 001 |
267153 |
| 005 |
20231101234047.0 |
| 035 |
|
|
|a (RuTPU)RU\TPU\book\290207
|
| 090 |
|
|
|a 267153
|
| 100 |
|
|
|a 20140723d1987 k y0rusy50 ca
|
| 101 |
0 |
|
|a rus
|
| 102 |
|
|
|a RU
|
| 105 |
|
|
|a y z 000zy
|
| 200 |
1 |
|
|a Мир и разоружение 1987
|e научные исследования
|f Академия наук СССР (АН СССР) ; СССР, Государственный комитет по науке и технике ; под ред. П. Н. Федосеева
|
| 210 |
|
|
|a Москва
|c Наука
|d 1987
|
| 215 |
|
|
|a 543 с.
|
| 606 |
1 |
|
|a Мирное сосуществование
|2 stltpush
|3 (RuTPU)RU\TPU\subj\44084
|9 63458
|
| 610 |
1 |
|
|a мир
|
| 610 |
1 |
|
|a разоружение
|
| 610 |
1 |
|
|a космос
|
| 610 |
1 |
|
|a политическое мышление
|
| 610 |
1 |
|
|a защита
|
| 610 |
1 |
|
|a ООН
|
| 610 |
1 |
|
|a документы
|
| 610 |
1 |
|
|a материалы
|
| 610 |
1 |
|
|a внешняя политика
|
| 610 |
1 |
|
|a 20 век
|
| 686 |
|
|
|a Ф4(0)30
|v LBC/SL-A
|2 rubbk
|
| 702 |
|
1 |
|a Федосеев
|b П. Н.
|4 340
|
| 712 |
0 |
2 |
|a Академия наук СССР (АН СССР)
|c (1925-1991)
|2 stltpush
|3 (RuTPU)RU\TPU\col\722
|
| 712 |
0 |
1 |
|a СССР
|b Государственный комитет по науке и технике
|c (1965-1991)
|2 stltpush
|3 (RuTPU)RU\TPU\col\14504
|9 25947
|
| 801 |
|
1 |
|a RU
|b 63413507
|c 20140723
|
| 801 |
|
2 |
|a RU
|b 63413507
|c 20151022
|g RCR
|
| 942 |
|
|
|c BK
|